|
|
|
|
| LEADER |
00755cam a22002054a 4500 |
| 020 |
|
|
|a 9780736062640 (hard cover)
|
| 020 |
|
|
|a 0736062645 (hard cover)
|
| 082 |
0 |
0 |
|a 796.019
|b DIA/P
|
| 100 |
1 |
|
|a Diane L. Gill
|9 42853
|
| 245 |
1 |
0 |
|a Psychological dynamics of sport and exercise /
|c Diane L. Gill, Lavon Williams.
|
| 250 |
|
|
|a 3rd ed.
|
| 260 |
|
|
|a Champaign, IL :
|b Human Kinetics,
|c c2008.
|
| 300 |
|
|
|a ix, 333 p. :
|b ill. ;
|
| 650 |
|
0 |
|a Sports
|9 42854
|
| 650 |
|
0 |
|a Exercise
|9 42855
|
| 650 |
|
0 |
|a Motivation (Psychology)
|9 42856
|
| 700 |
1 |
|
|a Williams, Lavon.
|9 42857
|
| 942 |
|
|
|c BK
|
| 999 |
|
|
|c 56491
|d 56491
|
| 952 |
|
|
|0 0
|1 0
|4 0
|6 796_019000000000000_DIA_P
|7 0
|9 79852
|a SSUS
|b SSUS
|c STACKS
|d 2015-09-11
|g 4686.00
|l 3
|o 796.019 DIA/P
|p 076415
|r 2017-08-04
|s 2017-06-23
|w 2015-09-11
|y BK
|